[Event "Two games a month 2"]
[Site "Winnipeg CAN"]
[Date "2004.04.04"]
[Round "4"]
[White "Vincent, Trevor"]
[Black "Hogeveen Rutter, Alexander"]
[Result "1-0"]
[WhiteElo "2053"]
[BlackElo "1768"]
[PlyCount "53"]
[GameId "2160767911175214"]
[EventDate "2004.03.28"]
[EventType "swiss"]
[EventRounds "4"]
[EventCountry "CAN"]
[SourceTitle "EXT 2006"]
[Source "ChessBase"]
[SourceDate "2005.11.24"]
[SourceVersion "1"]
[SourceVersionDate "2005.11.24"]
[SourceQuality "1"]

1. c4 g6 2. g3 Bg7 3. Bg2 Nf6 4. Nc3 O-O 5. d3 d6 6. e4 c5 7. Nge2 a6 8. O-O Bd7 9. h3 b5 10. e5 Ra7 11. exf6 Bxf6 12. Nd5 Bg7 13. Bg5 Nc6 14. Qd2 bxc4 15. dxc4 Rb7 16. Rab1 Re8 17. b3 Qc8 18. Kh2 Bf5 19. Rbe1 Nb4 20. Nxb4 Rxb4 21. Nc3 f6 22. Bh6 Bxh6 23. Qxh6 Bd3 24. Rg1 e5 25. Nd5 Qe6 26. Nxb4 cxb4 27. Qe3 1-0

[Event "Used to be the U of A op"]
[Site "Edmonton CAN"]
[Date "2004.05.08"]
[Round "1"]
[White "Gardner, Robert"]
[Black "Kazakevich, Alexander"]
[Result "1-0"]
[WhiteElo "2275"]
[BlackElo "1692"]
[PlyCount "79"]
[GameId "2160767911158229"]
[EventDate "2004.05.08"]
[EventType "swiss"]
[EventRounds "5"]
[EventCountry "CAN"]
[SourceTitle "EXT 2006"]
[Source "ChessBase"]
[SourceDate "2005.11.24"]
[SourceVersion "1"]
[SourceVersionDate "2005.11.24"]
[SourceQuality "1"]

1. f4 d5 2. Nf3 g6 3. g3 Bg7 4. Bg2 Nf6 5. O-O O-O 6. d3 c5 7. Nc3 Nc6 8. e4 dxe4 9. dxe4 Qb6 10. e5 c4+ 11. Kh1 Ng4 12. Qe2 Be6 13. h3 Nh6 14. Ng5 Nf5 15. Kh2 Nfd4 16. Qf2 Rad8 17. Bxc6 Qxc6 18. Be3 Nb5 19. Nxb5 Qxb5 20. Nxe6 fxe6 21. Bd4 a6 22. a4 Qc6 23. a5 Qe4 24. c3 g5 25. Qg2 Qxg2+ 26. Kxg2 gxf4 27. gxf4 Rf5 28. Kf3 Kf7 29. Ke4 Bh6 30. Ra4 Rd5 31. Rxc4 Rxa5 32. Rc7 Rb5 33. b4 a5 34. Bc5 Bf8 35. c4 Rxb4 36. Bxb4 axb4 37. Rxb7 Bh6 38. c5 Bg5 39. c6 Kg6 40. c7 1-0

[Event "Used to be the U of A op"]
[Site "Edmonton CAN"]
[Date "2004.05.08"]
[Round "1"]
[White "Gardner, Robert"]
[Black "Rekhson, Vladislav"]
[Result "1/2-1/2"]
[WhiteElo "2275"]
[BlackElo "2072"]
[PlyCount "97"]
[GameId "2160767911158230"]
[EventDate "2004.05.08"]
[EventType "swiss"]
[EventRounds "5"]
[EventCountry "CAN"]
[SourceTitle "EXT 2006"]
[Source "ChessBase"]
[SourceDate "2005.11.24"]
[SourceVersion "1"]
[SourceVersionDate "2005.11.24"]
[SourceQuality "1"]

1. e4 c5 2. Nf3 a6 3. c4 Nc6 4. d4 cxd4 5. Nxd4 Nf6 6. Nc3 e5 7. Nc2 Bc5 8. Be2 d6 9. O-O Be6 10. a3 Rc8 11. Bg5 Nd4 12. Nd5 Bxd5 13. exd5 h6 14. Nxd4 Bxd4 15. Bd2 O-O 16. Rb1 Ne4 17. Be1 f5 18. Bd3 Nc5 19. Bc2 Qg5 20. Kh1 f4 21. f3 Nd7 22. Qd3 Nf6 23. b3 Be3 24. Qf5 Qxf5 25. Bxf5 Rc7 26. Ba5 b6 27. Bb4 Ne8 28. Be6+ Kh7 29. a4 a5 30. Ba3 Bc5 31. Bb2 Bb4 32. g3 g5 33. Kg2 Ng7 34. Bh3 Nf5 35. Bxf5+ Rxf5 36. g4 Rff7 37. h4 Kg6 38. hxg5 hxg5 39. Rh1 Rh7 40. Rxh7 Rxh7 41. Rh1 Rxh1 42. Kxh1 Kf6 43. Kg2 Bc5 44. Kf1 Bb4 45. Ke2 Bc5 46. Bc3 Ba3 47. Kd3 Bc5 48. Ke4 Ba3 49. Kd3 1/2-1/2

[Event "Used to be the U of A op"]
[Site "Edmonton CAN"]
[Date "2004.05.08"]
[Round "1"]
[White "Miller, Chris"]
[Black "Rekhson, Vladislav"]
[Result "0-1"]
[WhiteElo "1523"]
[BlackElo "2072"]
[PlyCount "80"]
[GameId "2160767911158231"]
[EventDate "2004.05.08"]
[EventType "swiss"]
[EventRounds "5"]
[EventCountry "CAN"]
[SourceTitle "EXT 2006"]
[Source "ChessBase"]
[SourceDate "2005.11.24"]
[SourceVersion "1"]
[SourceVersionDate "2005.11.24"]
[SourceQuality "1"]

1. Nf3 c5 2. e4 a6 3. d4 cxd4 4. Nxd4 Nf6 5. Nc3 e5 6. Nb3 Bb4 7. Bd3 d5 8. exd5 e4 9. Be2 Nxd5 10. Bd2 Nxc3 11. Bxc3 Bxc3+ 12. bxc3 O-O 13. O-O Nc6 14. Nd4 Ne5 15. f4 Nc6 16. Nxc6 bxc6 17. Qd4 Qxd4+ 18. cxd4 Rd8 19. c3 Rb8 20. Bc4 Kf8 21. Rae1 f5 22. Re3 Rb2 23. Rf2 Rb1+ 24. Rf1 Rxf1+ 25. Kxf1 Ke7 26. Ke2 Be6 27. Bxe6 Kxe6 28. g4 Rb8 29. gxf5+ Kxf5 30. Rh3 Kxf4 31. Rh4+ Kf5 32. Ke3 Rb2 33. Rxe4 Re2+ 34. Kxe2 Kxe4 35. Kd2 g5 36. Ke2 h5 37. Kf2 Kd3 38. Kf3 Kxc3 39. Ke4 a5 40. h3 g4 0-1

[Event "Used to be the U of A op"]
[Site "Edmonton CAN"]
[Date "2004.05.08"]
[Round "2"]
[White "Dean, Tim"]
[Black "Gardner, Robert"]
[Result "0-1"]
[WhiteElo "1831"]
[BlackElo "2275"]
[PlyCount "96"]
[GameId "2160767911158232"]
[EventDate "2004.05.08"]
[EventType "swiss"]
[EventRounds "5"]
[EventCountry "CAN"]
[SourceTitle "EXT 2006"]
[Source "ChessBase"]
[SourceDate "2005.11.24"]
[SourceVersion "1"]
[SourceVersionDate "2005.11.24"]
[SourceQuality "1"]

1. e4 d6 2. d4 Nf6 3. Bd3 e5 4. c3 d5 5. dxe5 Nxe4 6. Bxe4 dxe4 7. Qa4+ Bd7 8. Qxe4 Bc6 9. Qg4 h5 10. Qg3 Qd5 11. Nf3 h4 12. Qg4 h3 13. Qc8+ Ke7 14. Qxc7+ Nd7 15. Qd6+ Qxd6 16. exd6+ Kf6 17. Bg5+ Kg6 18. Nbd2 hxg2 19. Rg1 Rh3 20. Rxg2 Bxf3 21. Nxf3 Rxf3 22. O-O-O f6 23. Be3+ Kf7 24. Rg4 b5 25. a4 a6 26. Rb4 Rf5 27. b3 Rc8 28. Kb2 Rc6 29. axb5 axb5 30. Bf4 g5 31. Bg3 Rfc5 32. c4 bxc4 33. bxc4 Ke6 34. Re1+ Ne5 35. f4 gxf4 36. Bxf4 Bxd6 37. Kb3 Rxc4 38. Rxc4 Rxc4 39. Bxe5 Rb4+ 40. Kc3 fxe5 41. h3 Rh4 42. Re3 Ra4 43. Kd2 Ra2+ 44. Ke1 Bc5 45. Rf3 e4 46. Rb3 Kd5 47. Rb8 Bd4 48. Rc8 e3 0-1

[Event "Used to be the U of A op"]
[Site "Edmonton CAN"]
[Date "2004.05.08"]
[Round "2"]
[White "Rekhson, Vladislav"]
[Black "Dinca, Cornelia"]
[Result "1-0"]
[WhiteElo "2072"]
[BlackElo "1791"]
[PlyCount "47"]
[GameId "2160767911158233"]
[EventDate "2004.05.08"]
[EventType "swiss"]
[EventRounds "5"]
[EventCountry "CAN"]
[SourceTitle "EXT 2006"]
[Source "ChessBase"]
[SourceDate "2005.11.24"]
[SourceVersion "1"]
[SourceVersionDate "2005.11.24"]
[SourceQuality "1"]

1. e4 c5 2. Nf3 d6 3. d4 cxd4 4. Nxd4 Nf6 5. Nc3 Nc6 6. f3 g6 7. Be3 Bg7 8. Qd2 a6 9. O-O-O Qc7 10. g4 b5 11. h4 h5 12. g5 Nd7 13. Nd5 Qb7 14. f4 Nc5 15. Bg2 e5 16. Nxc6 Qxc6 17. Nb4 Qd7 18. f5 a5 19. Nd5 Ra6 20. Bxc5 dxc5 21. Qc3 Qa7 22. f6 Bh6 23. Qxe5+ Kf8 24. Nc7 1-0

[Event "Used to be the U of A op"]
[Site "Edmonton CAN"]
[Date "2004.05.09"]
[Round "4"]
[White "Kazakevich, Anastasia"]
[Black "Gardner, Robert"]
[Result "1/2-1/2"]
[WhiteElo "1922"]
[BlackElo "2275"]
[PlyCount "62"]
[GameId "2160767911158234"]
[EventDate "2004.05.08"]
[EventType "swiss"]
[EventRounds "5"]
[EventCountry "CAN"]
[SourceTitle "EXT 2006"]
[Source "ChessBase"]
[SourceDate "2005.11.24"]
[SourceVersion "1"]
[SourceVersionDate "2005.11.24"]
[SourceQuality "1"]

1. d4 f5 2. c4 Nf6 3. g3 g6 4. Bg2 d6 5. Nf3 Bg7 6. O-O O-O 7. Nc3 Nc6 8. b3 e5 9. dxe5 dxe5 10. Ba3 Re8 11. Qxd8 Rxd8 12. Rad1 Rxd1 13. Rxd1 e4 14. Ng5 h6 15. Nh3 g5 16. f3 exf3 17. exf3 Be6 18. f4 Ng4 19. Nb5 Rc8 20. Bxc6 bxc6 21. Nxa7 Re8 22. Nxc6 Ra8 23. Bc5 Rxa2 24. fxg5 Nxh2 25. Ne7+ Kf7 26. g6+ Ke8 27. Nc6 Nf3+ 28. Kf1 Nh2+ 29. Kg1 Nf3+ 30. Kf1 Nh2+ 31. Kg1 Nf3+ 1/2-1/2

[Event "Used to be the U of A op"]
[Site "Edmonton CAN"]
[Date "2004.05.09"]
[Round "4"]
[White "Rekhson, Vladislav"]
[Black "Hughey, Micah"]
[Result "1-0"]
[WhiteElo "2072"]
[BlackElo "2048"]
[PlyCount "41"]
[GameId "2160767911158235"]
[EventDate "2004.05.08"]
[EventType "swiss"]
[EventRounds "5"]
[EventCountry "CAN"]
[SourceTitle "EXT 2006"]
[Source "ChessBase"]
[SourceDate "2005.11.24"]
[SourceVersion "1"]
[SourceVersionDate "2005.11.24"]
[SourceQuality "1"]

1. d4 d5 2. c4 e6 3. Nc3 c5 4. cxd5 exd5 5. e4 dxe4 6. Bc4 Nf6 7. Qb3 Bd6 8. Bxf7+ Ke7 9. Bg5 Rf8 10. Bc4 cxd4 11. Nxe4 Nc6 12. Nf3 Na5 13. Qa4 Bd7 14. Bb5 Bc6 15. O-O Bxe4 16. Rfe1 Kf7 17. Rxe4 Qb6 18. Rxd4 Bc5 19. Bxf6 Kxf6 20. Rf4+ Kg6 21. Qe4+ 1-0

[Event "Used to be the U of A op"]
[Site "Edmonton CAN"]
[Date "2004.05.09"]
[Round "5"]
[White "Gardner, Robert"]
[Black "Yamach, Ahmet"]
[Result "1-0"]
[WhiteElo "2275"]
[BlackElo "1871"]
[PlyCount "97"]
[GameId "2160767911158236"]
[EventDate "2004.05.08"]
[EventType "swiss"]
[EventRounds "5"]
[EventCountry "CAN"]
[SourceTitle "EXT 2006"]
[Source "ChessBase"]
[SourceDate "2005.11.24"]
[SourceVersion "1"]
[SourceVersionDate "2005.11.24"]
[SourceQuality "1"]

1. e4 e6 2. d4 d5 3. Nd2 Nf6 4. e5 Nfd7 5. f4 c5 6. c3 cxd4 7. cxd4 Nc6 8. Ndf3 Bb4+ 9. Kf2 Qb6 10. g3 Be7 11. Kg2 h5 12. h3 a6 13. Rh2 Qd8 14. Bd3 b5 15. Ne2 Nb6 16. b3 Bd7 17. Bb2 Nb4 18. Bb1 Rc8 19. a3 Nc6 20. Bd3 Na7 21. Qd2 Kf8 22. Rah1 g6 23. g4 Kg7 24. Ng3 h4 25. Ne2 Nc6 26. Rg1 Kf8 27. Kh1 Ke8 28. Rhg2 Qc7 29. g5 Bf8 30. Rg4 Ne7 31. Rxh4 Rxh4 32. Nxh4 Nf5 33. Nxf5 exf5 34. Kg2 Be6 35. Rh1 Be7 36. h4 Kd7 37. h5 Rg8 38. hxg6 fxg6 39. Rh7 Ke8 40. Bc3 Bf7 41. Bb4 Nc8 42. Bxe7 Qxe7 43. Qa5 Qe6 44. a4 bxa4 45. Qxa4+ Kf8 46. Bxa6 Ne7 47. Bb5 Qc8 48. Bd7 Qb8 49. e6 1-0

[Event "Used to be the U of A op"]
[Site "Edmonton CAN"]
[Date "2004.05.09"]
[Round "5"]
[White "Rekhson, Vladislav"]
[Black "Kazakevich, Anastasia"]
[Result "1-0"]
[WhiteElo "2072"]
[BlackElo "1922"]
[PlyCount "117"]
[GameId "2160767911158237"]
[EventDate "2004.05.08"]
[EventType "swiss"]
[EventRounds "5"]
[EventCountry "CAN"]
[SourceTitle "EXT 2006"]
[Source "ChessBase"]
[SourceDate "2005.11.24"]
[SourceVersion "1"]
[SourceVersionDate "2005.11.24"]
[SourceQuality "1"]

1. d4 d5 2. c4 c6 3. Nc3 Nf6 4. Nf3 e6 5. Bg5 Nbd7 6. e3 Be7 7. Bd3 dxc4 8. Bxc4 O-O 9. Qc2 b5 10. Bd3 Bb7 11. O-O h6 12. Bh4 a6 13. Rfd1 Nd5 14. Bxe7 Qxe7 15. Nxd5 exd5 16. Rac1 Rac8 17. Bf5 Rc7 18. Rd3 g6 19. Bxd7 Qxd7 20. Rc3 Rfc8 21. Ne5 Qd6 22. Nd3 a5 23. Rc5 a4 24. Nb4 f5 25. Nxd5 Rf7 26. Nb4 f4 27. Nxc6 fxe3 28. fxe3 Rcf8 29. Ne5 Rf2 30. Qxf2 Rxf2 31. Kxf2 Qf6+ 32. Nf3 g5 33. Rxb5 Bxf3 34. gxf3 g4 35. f4 Qh4+ 36. Ke2 Qxh2+ 37. Kd3 Qg2 38. Rb8+ Kf7 39. Rc7+ Kg6 40. Rb6+ Kh5 41. Rc5+ Kh4 42. Rxh6+ Kg3 43. Rc2 Qf1+ 44. Kc3 Qe1+ 45. Kc4 Qb1 46. Rhh2 Qxa2+ 47. Kc5 Qf7 48. d5 Qc7+ 49. Kd4 Qa7+ 50. Kd3 a3 51. Rhg2+ Kh3 52. bxa3 Qxa3+ 53. Kc4 Qa4+ 54. Kc5 Qa5+ 55. Kc6 Qa6+ 56. Kd7 Qa7+ 57. Kd6 Qb6+ 58. Kd7 Qa7+ 59. Kc6 1-0

[Event "Vancouver Class-ch"]
[Site "Vancouver CAN"]
[Date "2004.01.30"]
[Round "1"]
[White "Fletcher, Christopher"]
[Black "Jessa, Omar"]
[Result "1/2-1/2"]
[WhiteElo "1761"]
[BlackElo "755"]
[PlyCount "107"]
[GameId "2160767911192185"]
[EventDate "2004.01.30"]
[EventType "swiss"]
[EventRounds "5"]
[EventCountry "CAN"]
[SourceTitle "EXT 2006"]
[Source "ChessBase"]
[SourceDate "2005.11.24"]
[SourceVersion "1"]
[SourceVersionDate "2005.11.24"]
[SourceQuality "1"]

1. e4 c5 2. Nc3 d6 3. Nf3 Nf6 4. d4 cxd4 5. Nxd4 g6 6. Be2 Bg7 7. Be3 O-O 8. h3 Bd7 9. Qd2 Re8 10. O-O-O Nc6 11. Ndb5 Qa5 12. f3 a6 13. Nd4 Nxd4 14. Bxd4 Rac8 15. a3 b5 16. Nd5 Qxd2+ 17. Rxd2 Nxd5 18. Bxg7 Kxg7 19. Rxd5 Be6 20. Rd2 h5 21. h4 Kf6 22. g4 Rh8 23. gxh5 Rxh5 24. f4 Rhc5 25. h5 gxh5 26. Rxh5 Rxh5 27. Bxh5 Rc5 28. Bf3 a5 29. Rh2 b4 30. Rh5 Rxh5 31. Bxh5 bxa3 32. bxa3 d5 33. exd5 Bxd5 34. Bg4 Be6 35. Bxe6 Kxe6 36. c4 Kd6 37. Kd2 e5 38. fxe5+ Kxe5 39. Ke3 f5 40. c5 Kd5 41. Kf4 Kxc5 42. Kxf5 Kc4 43. Ke4 a4 44. Ke3 Kc3 45. Ke2 Kb2 46. Kd2 Kxa3 47. Kc3 Ka2 48. Kc2 Ka1 49. Kc1 Ka2 50. Kc2 a3 51. Kc1 Kb3 52. Kb1 Kc3 53. Ka2 Kb4 54. Ka1 1/2-1/2

[Event "Vancouver Class-ch"]
[Site "Vancouver CAN"]
[Date "2004.01.31"]
[Round "2"]
[White "Harper, Laura"]
[Black "Fletcher, Christopher"]
[Result "1-0"]
[WhiteElo "1761"]
[BlackElo "1761"]
[PlyCount "89"]
[GameId "2160767911192186"]
[EventDate "2004.01.30"]
[EventType "swiss"]
[EventRounds "5"]
[EventCountry "CAN"]
[SourceTitle "EXT 2006"]
[Source "ChessBase"]
[SourceDate "2005.11.24"]
[SourceVersion "1"]
[SourceVersionDate "2005.11.24"]
[SourceQuality "1"]

1. g3 c5 2. d3 d5 3. Bg2 Nf6 4. Nf3 b6 5. O-O Bb7 6. Nc3 e6 7. Bg5 h6 8. Bxf6 Qxf6 9. Nd2 Qd8 10. e4 Be7 11. Re1 O-O 12. a3 Na6 13. exd5 exd5 14. Nxd5 Bxd5 15. Bxd5 Qxd5 16. Rxe7 Rfe8 17. Rxe8+ Rxe8 18. Qf3 Qxf3 19. Nxf3 Re2 20. Rc1 Nb8 21. Kf1 Re7 22. Re1 Kf8 23. Rxe7 Kxe7 24. Ke2 Nc6 25. Ke3 Ke6 26. Ke4 f5+ 27. Ke3 Ne5 28. Nxe5 Kxe5 29. c3 g5 30. f4+ gxf4+ 31. gxf4+ Kd5 32. c4+ Kc6 33. d4 cxd4+ 34. Kxd4 Kd6 35. b4 a6 36. c5+ bxc5+ 37. bxc5+ Kc6 38. Ke5 Kxc5 39. Kxf5 Kd5 40. Kg6 Ke6 41. f5+ Ke7 42. f6+ Kf8 43. f7 h5 44. h4 a5 45. a4 1-0

[Event "Vancouver Class-ch"]
[Site "Vancouver CAN"]
[Date "2004.01.31"]
[Round "2"]
[White "Milicevic, Dragoljub"]
[Black "Davies, Noam"]
[Result "1-0"]
[WhiteElo "2187"]
[BlackElo "1948"]
[PlyCount "81"]
[GameId "2160767911192187"]
[EventDate "2004.01.30"]
[EventType "swiss"]
[EventRounds "5"]
[EventCountry "CAN"]
[SourceTitle "EXT 2006"]
[Source "ChessBase"]
[SourceDate "2005.11.24"]
[SourceVersion "1"]
[SourceVersionDate "2005.11.24"]
[SourceQuality "1"]

1. g3 Nf6 2. Bg2 g6 3. e4 d6 4. d4 Bg7 5. c4 O-O 6. Nc3 c6 7. Nf3 Be6 8. Qe2 Qc7 9. O-O Na6 10. h3 c5 11. d5 Bd7 12. Bf4 Rfd8 13. g4 Be8 14. e5 dxe5 15. Bxe5 Qb6 16. b3 Nb8 17. g5 Nh5 18. Bxg7 Nxg7 19. Qxe7 Nf5 20. Qe5 Nd6 21. Rfe1 Bd7 22. Qf6 Bf5 23. Na4 Qc7 24. Nxc5 b6 25. Na4 Nd7 26. Qd4 Re8 27. Qf4 Nc5 28. Nxc5 Qxc5 29. Ne5 Re7 30. Nc6 Rxe1+ 31. Rxe1 Re8 32. Rxe8+ Nxe8 33. b4 Qd6 34. Qe3 Nc7 35. Ne7+ Kf8 36. Nxf5 gxf5 37. c5 bxc5 38. bxc5 Qd7 39. Qe5 Kg8 40. c6 Qd8 41. Qxf5 1-0

[Event "Vancouver Class-ch"]
[Site "Vancouver CAN"]
[Date "2004.02.01"]
[Round "4"]
[White "Milicevic, Dragoljub"]
[Black "Meng, Fanhao"]
[Result "1/2-1/2"]
[WhiteElo "2187"]
[BlackElo "2298"]
[PlyCount "135"]
[GameId "2160767911192188"]
[EventDate "2004.01.30"]
[EventType "swiss"]
[EventRounds "5"]
[EventCountry "CAN"]
[SourceTitle "EXT 2006"]
[Source "ChessBase"]
[SourceDate "2005.11.24"]
[SourceVersion "1"]
[SourceVersionDate "2005.11.24"]
[SourceQuality "1"]

1. Nf3 d5 2. c4 e6 3. g3 Nf6 4. Bg2 c5 5. O-O Nc6 6. b3 e5 7. cxd5 Nxd5 8. d3 f6 9. Bb2 Be6 10. Nc3 Qd7 11. Qd2 Be7 12. Ne1 g5 13. Nc2 Nxc3 14. Bxc3 h5 15. b4 h4 16. b5 Nd8 17. e3 Qxb5 18. d4 Qd7 19. dxe5 Qxd2 20. Bxd2 fxe5 21. Bc3 Bd6 22. f4 gxf4 23. gxf4 Rg8 24. Kh1 exf4 25. exf4 Rf8 26. Rae1 Rxf4 27. Rxf4 Bxf4 28. Bxb7 Nxb7 29. Rxe6+ Kd7 30. Rf6 Bd6 31. Kg2 Re8 32. Rf2 Re4 33. Bd2 Ra4 34. a3 Nd8 35. Kf3 Nc6 36. Ke2 Ke6 37. Bc1 Ne5 38. Rf4 Rxf4 39. Bxf4 Kf5 40. Bd2 Nc4 41. h3 Nxd2 42. Kxd2 Ke4 43. Ke2 Bf4 44. Ne1 c4 45. a4 a5 46. Nc2 c3 47. Na3 Kd4 48. Nc2+ Kc4 49. Ne1 Kb3 50. Kd3 Be5 51. Nc2 Bg3 52. Ne3 Bf2 53. Nc4 Be1 54. Nxa5+ Kxa4 55. Nc6 Kb3 56. Nd4+ Kb2 57. Nc2 Bg3 58. Ne3 Kb3 59. Nc2 Be5 60. Ne1 Kb2 61. Nc2 Kc1 62. Ne3 Kb1 63. Nc2 Bf6 64. Ne3 Kc1 65. Nd5 Kd1 66. Nxc3+ Bxc3 67. Kxc3 Ke2 68. Kc2 1/2-1/2

[Event "Vancouver Class-ch"]
[Site "Vancouver CAN"]
[Date "2004.02.01"]
[Round "4"]
[White "Yousefzadeh, Mehrdad"]
[Black "Davies, Noam"]
[Result "1/2-1/2"]
[WhiteElo "1973"]
[BlackElo "1948"]
[PlyCount "104"]
[GameId "2160767911192189"]
[EventDate "2004.01.30"]
[EventType "swiss"]
[EventRounds "5"]
[EventCountry "CAN"]
[SourceTitle "EXT 2006"]
[Source "ChessBase"]
[SourceDate "2005.11.24"]
[SourceVersion "1"]
[SourceVersionDate "2005.11.24"]
[SourceQuality "1"]

1. d4 Nf6 2. c4 g6 3. Nc3 d5 4. Nf3 Bg7 5. Qb3 dxc4 6. Qxc4 Nc6 7. e4 O-O 8. Be2 Bg4 9. Be3 Bxf3 10. Bxf3 e5 11. d5 Nd4 12. Bd1 b5 13. Nxb5 Nxb5 14. Qxb5 Nxe4 15. O-O Rb8 16. Qe2 Qxd5 17. Bxa7 Rb4 18. Bb3 Qd2 19. Qxd2 Nxd2 20. Bc5 Rb5 21. Bxf8 Nxb3 22. axb3 Bxf8 23. Ra2 Rxb3 24. Rc1 Rd3 25. Ra8 Rd2 26. b4 Kg7 27. Kf1 Bxb4 28. Rxc7 Rd1+ 29. Ke2 Re1+ 30. Kd3 Rd1+ 31. Ke4 Re1+ 32. Kf3 e4+ 33. Kg4 Re2 34. Rc4 Bd6 35. Kh3 f5 36. Rd8 Be5 37. Rc5 Bb2 38. Kg3 h5 39. h4 Ba3 40. Rd7+ Kf6 41. Rc6+ Ke5 42. f4+ exf3 43. Kxf3 Re4 44. g3 Rg4 45. Rd3 f4 46. gxf4+ Rxf4+ 47. Kg3 Rg4+ 48. Kh3 Be7 49. Re3+ Kd5 50. Ree6 Rxh4+ 51. Kg3 Rg4+ 52. Kf3 g5 1/2-1/2

[Event "Vancouver Class-ch"]
[Site "Vancouver CAN"]
[Date "2004.02.01"]
[Round "5"]
[White "Davies, Lucas"]
[Black "Meng, Fanhao"]
[Result "1-0"]
[WhiteElo "2111"]
[BlackElo "2298"]
[PlyCount "95"]
[GameId "2160767911192190"]
[EventDate "2004.01.30"]
[EventType "swiss"]
[EventRounds "5"]
[EventCountry "CAN"]
[SourceTitle "EXT 2006"]
[Source "ChessBase"]
[SourceDate "2005.11.24"]
[SourceVersion "1"]
[SourceVersionDate "2005.11.24"]
[SourceQuality "1"]

1. e4 e5 2. Nf3 Nc6 3. Bb5 a6 4. Ba4 Nf6 5. O-O b5 6. Bb3 Be7 7. Re1 O-O 8. c3 d6 9. h3 Na5 10. Bc2 c5 11. d4 Qc7 12. Nbd2 cxd4 13. cxd4 Bb7 14. Nf1 Rfc8 15. Re2 Nd7 16. Ng3 Bf8 17. Bd3 Nc6 18. Be3 Rd8 19. d5 Ne7 20. Rc2 Qb8 21. a4 f5 22. axb5 axb5 23. Rxa8 Bxa8 24. Bg5 fxe4 25. Bxe4 g6 26. b4 Rc8 27. Rxc8 Qxc8 28. Qd3 Qc4 29. Bxe7 Bxe7 30. Bxg6 Bxd5 31. Bxh7+ Kh8 32. Qg6 Bf7 33. Qb1 Nf6 34. Bd3 Qc6 35. Ng5 Bg8 36. Nf5 Bf8 37. f3 Qc3 38. Bxb5 d5 39. Bd3 Bxb4 40. Nh6 Qd4+ 41. Kh1 e4 42. fxe4 dxe4 43. Nxe4 Bh7 44. Nxf6 Bxd3 45. Qa2 Bc4 46. Qa8+ Kg7 47. Nf5+ Kxf6 48. Nxd4 1-0

[Event "Vancouver Class-ch"]
[Site "Vancouver CAN"]
[Date "2004.02.01"]
[Round "5"]
[White "Yousefzadeh, Mehrdad"]
[Black "Goutor, Valentina"]
[Result "1/2-1/2"]
[WhiteElo "1973"]
[BlackElo "1909"]
[PlyCount "130"]
[GameId "2160767911192191"]
[EventDate "2004.01.30"]
[EventType "swiss"]
[EventRounds "5"]
[EventCountry "CAN"]
[SourceTitle "EXT 2006"]
[Source "ChessBase"]
[SourceDate "2005.11.24"]
[SourceVersion "1"]
[SourceVersionDate "2005.11.24"]
[SourceQuality "1"]

1. d4 Nf6 2. c4 g6 3. Nc3 Bg7 4. e4 d6 5. f3 O-O 6. Be3 Nc6 7. Nge2 a6 8. Qd2 Rb8 9. Nc1 e5 10. Nb3 Ne8 11. d5 Ne7 12. g4 c5 13. dxc6 bxc6 14. O-O-O Qc7 15. c5 d5 16. exd5 cxd5 17. Nxd5 Nxd5 18. Qxd5 Be6 19. Qd3 Qb7 20. Be2 Nc7 21. Bf2 Bd5 22. Qc2 e4 23. Bc4 Bc6 24. Bd4 Bh6+ 25. Kb1 e3 26. Na5 Qa8 27. Nxc6 Qxc6 28. Be2 Ne6 29. Be5 Rb7 30. Rd6 Qxc5 31. Qxc5 Nxc5 32. Rc1 Ne6 33. Rxa6 Bf4 34. Ra5 f6 35. Bxf4 Nxf4 36. Bc4+ Kg7 37. Re1 Re8 38. Ra3 Rc7 39. Rc3 e2 40. Bb5 Rxc3 41. bxc3 Re3 42. Kc2 Rxf3 43. Kd2 Rh3 44. Bxe2 Rxh2 45. a4 Nxe2 46. Rxe2 Rh4 47. Rg2 f5 48. Ke3 fxg4 49. a5 g3 50. Ra2 Rc4 51. Kd3 Rc7 52. c4 Ra7 53. Ke3 Kf6 54. Kf3 Ke5 55. Kxg3 Kd4 56. Ra4 Ra6 57. Kf4 h5 58. Kg5 Kc5 59. Kf4 Kd4 60. Kf3 g5 61. Kf2 g4 62. Kg3 Ke4 63. Kh4 Kd4 64. Kg3 Ke4 65. Kf2 h4 1/2-1/2

[Event "Vancouver Febr op"]
[Site "Vancouver CAN"]
[Date "2004.02.29"]
[Round "4"]
[White "Kostin, Andrey"]
[Black "McCusky, Louis"]
[Result "1-0"]
[WhiteElo "1760"]
[BlackElo "1576"]
[PlyCount "117"]
[GameId "2160767911192181"]
[EventDate "2004.02.??"]
[EventType "swiss"]
[EventRounds "4"]
[EventCountry "CAN"]
[SourceTitle "EXT 2006"]
[Source "ChessBase"]
[SourceDate "2005.11.24"]
[SourceVersion "1"]
[SourceVersionDate "2005.11.24"]
[SourceQuality "1"]

1. e4 c5 2. c3 a6 3. Nf3 d6 4. d4 cxd4 5. cxd4 e6 6. Bd3 g6 7. O-O Bg7 8. Bg5 Ne7 9. Qd2 Nbc6 10. Bh6 O-O 11. Nc3 f5 12. Bxg7 Kxg7 13. Rfe1 fxe4 14. Bxe4 Ng8 15. d5 exd5 16. Bxd5 Nf6 17. Rad1 Nxd5 18. Qxd5 Bg4 19. Ng5 Qf6 20. f3 Bf5 21. Ne6+ Bxe6 22. Rxe6 Qf7 23. Rxd6 Qxd5 24. R1xd5 Rad8 25. Kf2 Rxd6 26. Rxd6 Ne5 27. h3 Rf7 28. Rd4 Nc6 29. Rd2 Ne5 30. Ne4 Rc7 31. b3 Nd7 32. Ke3 Nf6 33. Nxf6 Kxf6 34. Rd6+ Ke5 35. Rb6 Rc3+ 36. Kd2 Rc7 37. Rb4 Rd7+ 38. Ke3 Rc7 39. Rc4 Rd7 40. g4 g5 41. a4 h6 42. Re4+ Kf6 43. f4 Rc7 44. Rc4 Re7+ 45. Kf3 Rd7 46. Re4 gxf4 47. Kxf4 Rd3 48. Rb4 Rd7 49. h4 Rf7 50. g5+ hxg5+ 51. hxg5+ Kg6+ 52. Kg4 b5 53. axb5 Rb7 54. b6 Kg7 55. Kh5 Kh7 56. g6+ Kg7 57. Kg5 Kh8 58. Kh6 Kg8 59. Rc4 1-0

[Event "Vancouver-ch class"]
[Site "Vancouver CAN"]
[Date "2004.01.30"]
[Round "1"]
[White "Azmitia, Eduardo"]
[Black "Bojovic, Gavrilo"]
[Result "0-1"]
[WhiteElo "1667"]
[BlackElo "2082"]
[PlyCount "42"]
[GameId "2160767911192192"]
[EventDate "2004.01.30"]
[EventType "swiss"]
[EventRounds "5"]
[EventCountry "CAN"]

1. Nf3 d5 2. d3 c5 3. g3 Nc6 4. Bg2 e5 5. O-O f5 6. c4 d4 7. Bg5 Nf6 8. a3 h6 9. Bxf6 Qxf6 10. Nbd2 Bd6 11. Rb1 O-O 12. e4 f4 13. Qe1 g5 14. h3 h5 15. Nh2 g4 16. h4 f3 17. Bh1 Be6 18. b3 Ne7 19. Rb2 Ng6 20. Nb1 Kh7 21. Qd2 Nxh4 0-1

[Event "Vancouver-ch class"]
[Site "Vancouver CAN"]
[Date "2004.01.30"]
[Round "1"]
[White "Daswani, Benedict"]
[Black "Milicevic, Dragoljub"]
[Result "0-1"]
[WhiteElo "1776"]
[BlackElo "2189"]
[PlyCount "52"]
[GameId "2160767911192193"]
[EventDate "2004.01.30"]
[EventType "swiss"]
[EventRounds "5"]
[EventCountry "CAN"]

1. d4 f5 2. c4 g6 3. Nc3 Nf6 4. Bf4 Bg7 5. Nf3 d6 6. Qc2 O-O 7. g3 Nc6 8. d5 Nb4 9. Qb3 a5 10. a3 Na6 11. Bg2 Nc5 12. Qc2 Bd7 13. Be3 b6 14. Bxc5 bxc5 15. h4 Rb8 16. Ng5 Qc8 17. f3 Nh5 18. Rh3 h6 19. Ne6 Bxe6 20. dxe6 Qxe6 21. f4 Kh7 22. Bd5 Qe3 23. Nd1 Qg1+ 24. Kd2 Nxg3 25. Rb1 Qd4+ 26. Ke1 Qxf4 0-1